Mezögazdaság agrártudomány agrártöténet
Gespeichert in:
| Format: | Buch |
|---|---|
| Sprache: | Ungarisch |
| Veröffentlicht: |
Budapest
Akadémiai Kiadó
1979
|
| Tags: |
Keine Tags, Fügen Sie das erste Tag hinzu!
|
MARC
| LEADER | 00000nam a2200000 4500 | ||
|---|---|---|---|
| 001 | c142213 | ||
| 005 | 20041019155324.2 | ||
| 041 | 0 | |a hun | |
| 044 | |a HU | ||
| 245 | 1 | 0 | |a Mezögazdaság agrártudomány agrártöténet |
| 264 | 1 | |a Budapest |b Akadémiai Kiadó |c 1979 | |
| 300 | |a 367 s. | ||